000
00294nam a2200121Ia 4500
008
190216s9999||||xx |||||||||||||| ||und||
100
_a
Jagadeesh Chandra Chathurvedi
245
0
_a
Hindi- Kala - Yathri
260
_b
Umesh Pub
_c
2001
300
_a
63
650
_a
Hindi Literature
942
_c
BK
999
_c
16104
_d
16104